An introduction to object-oriented programming with Java
An Introduction to Object-Oriented Programming with Java takes a full-immersion approach to object-oriented programming. Proper object-oriented design practices are emphasized throughout the book. Students learn how to use the standard classes first, then learn to design their own classes. Wu uses a...
Guardat en:
| Autor principal: | |
|---|---|
| Format: | Llibre |
| Idioma: | Undetermined |
| Publicat: |
Boston
McGraw-Hill Higher Education
2010
|
| Matèries: | |
| Etiquetes: |
Afegir etiqueta
Sense etiquetes, Sigues el primer a etiquetar aquest registre!
|
| Thư viện lưu trữ: | Trung tâm Học liệu Trường Đại học Cần Thơ |
|---|
| LEADER | 01365nam a2200205Ia 4500 | ||
|---|---|---|---|
| 001 | CTU_206792 | ||
| 008 | 210402s9999 xx 000 0 und d | ||
| 020 | |c 54.60 | ||
| 082 | |a 005.117 | ||
| 082 | |b W959 | ||
| 100 | |a Wu, C. Thomas | ||
| 245 | 3 | |a An introduction to object-oriented programming with Java | |
| 245 | 0 | |c C. Thomas Wu | |
| 260 | |a Boston | ||
| 260 | |b McGraw-Hill Higher Education | ||
| 260 | |c 2010 | ||
| 520 | |a An Introduction to Object-Oriented Programming with Java takes a full-immersion approach to object-oriented programming. Proper object-oriented design practices are emphasized throughout the book. Students learn how to use the standard classes first, then learn to design their own classes. Wu uses a gentler approach to teaching students how to design their own classes, separating the coverage into two chapters. GUI coverage is also located independently in the back of the book and can be covered if desired. Wu also features a robust set of instructors' materials including PowerPoint slides, code samples, and quiz questions. | ||
| 650 | |a Object-oriented programming (Computer science),Lập trình hướng đối tượng (Khoa học máy tính),Java (Computer program language),Java (Ngôn ngữ lập trình máy tính) | ||
| 904 | |i Hải | ||
| 980 | |a Trung tâm Học liệu Trường Đại học Cần Thơ | ||